[Event "Serbia-chT"]
[Site "Zlatibor"]
[Date "2006.08.26"]
[Round "1"]
[White "Velimirovic, Dragoljub"]
[Black "Vuckovic, Bojan"]
[Result "1/2-1/2"]
[WhiteElo "2452"]
[BlackElo "2527"]
[PlyCount "46"]
[EventDate "2006.08.26"]
[EventType "team"]
[EventRounds "9"]
[EventCountry "YUG"]
[Source "ChessBase"]
[SourceDate "2006.11.23"]
[WhiteTeamCountry "SER"]
[BlackTeamCountry "SER"]

1. e4 c5 2. Nf3 Nc6 3. d4 cxd4 4. Nxd4 Nf6 5. Nc3 e5 6. Ndb5 d6 7. Bg5 a6 8.
Na3 b5 9. Bxf6 gxf6 10. Nd5 f5 11. c3 Bg7 12. exf5 Bxf5 13. Nc2 O-O (13... Be6
{Fenes-Drugda, PF27}) 14. Nce3 (14. a4 $5) 14... Be6 {
'''(Bg6 Csjernyik-Maros)'''} 15. Bd3 f5 16. Bc2 (16. O-O e4 {Csjernyik-Skarba})
16... f4 (16... Rc8 17. Qh5 (17. O-O Ne7 18. Nxe7+ {
(18.f4 Nxd5...0-1 Soural-Skula, CZE-ch cr 1997)} Qxe7 19. Nd5 Qf7 20. Bb3 Rfe8
21. Qd2 a5 22. a3 Rc5 23. Rfd1 e4 24. Ba2 a4 25. g3 Rec8 26. Nb4 Bxa2 27. Nxa2
Be5 28. Qg5+ Kh8 29. Nb4 f4 30. Rd2 Bxc3 {
0-1 Wilders,B-Papakosmas,L/CP1 CIF 1993 (30)}) 17... Kh8 (17... e4 18. O-O Ne7
19. Rfd1 Rc5 20. Nf4 Bf7 21. Bb3 d5 22. Qg5 h6 23. Qh4 Qd6 24. Nexd5 Nxd5 25.
Nxd5 Qe5 $2 26. Nb6 {1-0 Grinfeld,A-Lehmann,B/Hamburg Wichern op op 1993 (40)})
18. Nxf5 Bf7 19. Qg4 Rg8 20. Nfe3 Bh6 21. Qh3 Qg5 22. O-O Nd4 23. Be4 Be6 24.
g4 Bxg4 25. Nxg4 Qxg4+ 26. Qxg4 Rxg4+ 27. Kh1 $4 (27. Bg2 $142 $15 Nc2 28. Kh1
Nxa1 29. Bh3 Rc5 30. Bxg4 Rxd5 $17) 27... Rxe4 28. cxd4 Rxd4 29. Ne7 Rf8 30.
Rg1 Rd2 31. Raf1 Bg7 32. Rg2 Rxb2 33. h4 e4 34. h5 e3 35. h6 Bf6 36. Nd5 e2 37.
Rfg1 Rd2 38. Nxf6 Rd1 39. Nd7 e1=Q 40. Nxf8 Qe6 $4 {
5 t. mat 1-0 Zvara Petr-Divis Josef/Extra League 1995 (40)} (40... Qe4 41. Rxd1
Qe8 $11)) (16... Ra7 17. Qh5 Qd7 (17... Raf7 18. O-O Ne7 19. Nxe7+ Qxe7 20. a4
Rf6 21. axb5 Rh6 22. Qe2 Qh4 23. h3 axb5 24. Ra7 Kh8 25. Qxb5 e4 26. Rfa1 f4
27. Qb7 Rg6 28. Qxe4 Bxh3 29. Ra8 Bc8 30. Nf5 Qh5 31. R1a5 d5 32. Rxd5 Bf6 33.
Ne7 {1-0 Hassell,G-Morris,A/corr 1996 (33)}) 18. g4 Nd4 19. cxd4 exd4 20. gxf5
Qf7 21. Qxh7+ Kxh7 22. fxe6+ Kh8 23. exf7 dxe3 24. fxe3 {
1-0 Hendriks,W-Vehreschild,A/Groningen Wch-FIDE wmn cand (24)}) (16... Rf7 17.
f4 exf4 18. Nxf4 Qb6 19. Qd2 Re8 20. O-O-O b4 21. c4 Nd4 22. Bb3 a5 23. Kb1 Qc5
24. Rhe1 Bd7 25. Nc2 Rxe1 26. Qxe1 a4 27. Nxd4 Bxd4 28. Nd3 Qa7 29. Bc2 b3 30.
axb3 a3 31. Qg3+ Bg7 32. Qxd6 axb2 33. Nxb2 Bf8 34. Qg3+ Kh8 35. Rd5 Bg7 36.
Qd6 Qg1+ 37. Rd1 Qxg2 38. Qd5 Qg6 39. Qa8+ Rf8 40. Qa3 Qf7 41. b4 Be6 42. Qb3
f4 43. Bd3 f3 44. Rf1 f2 45. Be4 $2 (45. Nd1 $142 Qa7 46. Qa2 Qd4 $19) 45...
Qf6 {0-1 Videki Sandor-Jelen Igor/Casino International, Zagreb (45)}) (16... b4
$6 17. O-O bxc3 18. bxc3 Kh8 19. Qh5 e4 (19... Bxd5 20. Nxd5 e4 21. f3 Be5 22.
fxe4 f4 23. Rf3 {1-0 Borocz,I-Mikhaletz,L/FSGM Feb, Budapest HUN 1998 (42)})
20. f3 Qa5 21. fxe4 Bxc3 22. Rab1 Bg7 23. exf5 Bg8 24. f6 Bxf6 25. Rxf6 Rxf6
26. Nxf6 Qxh5 27. Nxh5 Bxa2 28. Rb7 Ra7 29. Rb6 Bf7 30. Rxc6 {
1-0 Topalov,V-Illescas Cordoba,M/Alcobendas 1994}) (16... Bh6 17. O-O Ra7 18.
f4 Qh4 19. g3 Rg7 20. Nc7 exf4 21. Ng2 Qh3 22. Rxf4 Bxf4 23. Nxf4 Rxg3+ 24. Kh1
Qh6 25. Qxd6 {1-0 Topalov,V-Illescas Cordoba,M/Linares 1995 (25)}) (16... Rb8
17. Qh5 Qd7 18. Rd1 (18. g4 Bxd5 19. Nxd5 e4 20. gxf5 {
(20.0-0-0!? Mrázik-Cacko)} Qxf5 21. Qxf5 Rxf5 22. Ne3 Rf4 23. Rd1 Rbf8 24. Rxd6
Ne5 25. Nd1 Kh8 26. Ke2 Nc4 27. Rd7 Ne5 28. Re7 Rd8 {
1/2-1/2 Gavric Miladin-Simic Radoslav/ChT Yugoslavia 1996 (28)}) 18... b4 19.
Ba4 Bf7 20. Bxc6 Bxh5 21. Bxd7 Bxd1 22. Nxd1 bxc3 23. bxc3 Kh8 24. Kd2 Rbd8 25.
Ba4 Rg8 26. Kc2 Bh6 27. g3 Rg7 28. Nb2 Rc8 29. Nd3 a5 30. Rb1 {
1-0 Adla Diego-Abella Ce/It (open), La Coruna (Spain) 1995 (46)}) 17. Qh5 (17.
Nf1 Nd4 (17... Bf5 18. Nd2 Qg5 19. Bxf5 Qxf5 20. f3 e4 $6 21. Nxe4 Rae8 22. O-O
$2 Bd4+ 23. cxd4 Qxd5 24. Kh1 Nxd4 25. a4 $6 Qe5 26. axb5 axb5 27. b4 $6 Nf5
28. Ra7 d5 29. Nf2 Ne3 30. Qb1 Qh5 31. Rc1 Nc4 32. Ng4 $11 {
0-1 Llorens,M-Muniz,R/Roque Saenz Pena 1997 (52)}) 18. Be4 Bf5 19. Nd2 Ne6 20.
Qc2 Bxe4 21. Nxe4 Ra7 22. Qe2 f3 23. gxf3 Raf7 24. O-O-O Ng5 25. Rd3 Nxe4 26.
Qxe4 Qg5+ 27. Kb1 Qg2 28. Rhd1 Rxf3 29. R1d2 Qf1+ 30. Kc2 Rxf2 31. Ne7+ Kh8 32.
Rxd6 Rxd2+ 33. Rxd2 Bh6 $6 (33... Qf4) 34. Qxe5+ Bg7 35. Qe2 Qf7 36. Nd5 Qb7
37. Qe7 Qc6 38. Qh4 Qg6+ 39. Kb3 a5 40. a3 $6 (40. Qe7) 40... Qb1 $6 (40... a4+
) 41. Nc7 $6 (41. Qg4) 41... a4+ 42. Kb4 Qa2 $2 43. Qg5 $4 (43. Qe7 $1 $18)
43... Qc4+ {0-1 Hamadto,I-Tonsingh,O/Novi Sad 1990 (49)}) 17... Rf7 18. Bxh7+ (
18. Qxh7+ Kf8 19. Qg6 fxe3 (19... Qe8 $142) 20. Qxe6 exf2+ 21. Ke2 e4 $2 (21...
Ne7 $5) 22. Raf1 $16 {1-0 Docx,S-Goossens,E/Antwerp 1999 (67)} (22. Bxe4 $1 $18
)) 18... Kf8 19. Bf5 Qe8 20. Bxe6 Qxe6 21. Qg4 Qh6 22. Nf5 Qe6 23. Nfe3 Qh6
1/2-1/2

[Event "Serbia-chT"]
[Site "Zlatibor"]
[Date "2006.08.27"]
[Round "2"]
[White "Abramovic, Bosko"]
[Black "Velimirovic, Dragoljub"]
[Result "1-0"]
[WhiteElo "2515"]
[BlackElo "2452"]
[PlyCount "63"]
[EventDate "2006.08.26"]
[EventType "team"]
[EventRounds "9"]
[EventCountry "YUG"]
[Source "ChessBase"]
[SourceDate "2006.11.23"]
[WhiteTeamCountry "SER"]
[BlackTeamCountry "SER"]

1. d4 Nf6 2. Nf3 c5 3. e3 g6 4. dxc5 Qa5+ 5. Nbd2 Bg7 6. a3 Qxc5 7. b4 Qc7 8.
Bb2 O-O 9. c4 a5 10. Be2 b6 11. O-O Bb7 12. Qb3 Nc6 13. h3 d6 14. Rfc1 Rfc8 15.
Bc3 Nb8 16. Nd4 axb4 17. axb4 Rxa1 18. Rxa1 Nbd7 19. Nb5 Qb8 20. Bf3 Bxf3 21.
Nxf3 e6 22. Ra6 d5 23. Qa2 dxc4 24. Na7 Nd5 25. Nxc8 Nxc3 26. Qxc4 Nd5 27. Qc6
Ne5 28. Nxe5 Qxe5 29. Nxb6 Nxb6 30. Qxb6 Bf8 31. Ra8 Kg7 32. Qb8 1-0

[Event "Serbia-chT"]
[Site "Zlatibor"]
[Date "2006.08.28"]
[Round "3"]
[White "Velimirovic, Dragoljub"]
[Black "Markus, Robert"]
[Result "1/2-1/2"]
[WhiteElo "2452"]
[BlackElo "2586"]
[PlyCount "91"]
[EventDate "2006.08.26"]
[EventType "team"]
[EventRounds "9"]
[EventCountry "YUG"]
[Source "ChessBase"]
[SourceDate "2006.11.23"]
[WhiteTeamCountry "SER"]
[BlackTeamCountry "SER"]

1. e4 c5 2. Nf3 e6 3. d4 cxd4 4. Nxd4 a6 5. Nc3 b5 6. g3 Bb7 7. Bg2 b4 8. Na4
Nf6 9. O-O Bxe4 10. Bxe4 Nxe4 11. Re1 d5 12. Nxe6 fxe6 13. Qh5+ g6 14. Qe5 Qf6
15. Rxe4 Qxe5 16. Rxe5 Kf7 17. Re3 Nd7 18. Rf3+ Kg7 19. b3 Be7 20. Nb6 Bf6 21.
Rxf6 Nxf6 22. Nxa8 Rxa8 23. Bb2 Kf7 24. f3 Nd7 25. Kf2 Rc8 26. Rc1 e5 27. c3
bxc3 28. Rxc3 Rxc3 29. Bxc3 Ke6 30. Ke2 d4 31. Bb4 Kd5 32. Kd3 Nf6 33. Be1 e4+
34. fxe4+ Nxe4 35. b4 Ng5 36. g4 h5 37. gxh5 gxh5 38. Bg3 Ne6 39. a4 Nd8 40. b5
axb5 41. axb5 Ne6 42. b6 Nc5+ 43. Ke2 Kc6 44. Bf2 Ne6 45. Kd3 Kxb6 46. Bxd4+
1/2-1/2

[Event "Serbia-chT"]
[Site "Zlatibor"]
[Date "2006.08.29"]
[Round "4"]
[White "Pikula, Dejan"]
[Black "Velimirovic, Dragoljub"]
[Result "1-0"]
[WhiteElo "2545"]
[BlackElo "2452"]
[PlyCount "85"]
[EventDate "2006.08.26"]
[EventType "team"]
[EventRounds "9"]
[EventCountry "YUG"]
[Source "ChessBase"]
[SourceDate "2006.11.23"]
[WhiteTeamCountry "SER"]
[BlackTeamCountry "SER"]

1. e4 d6 2. d4 Nf6 3. Nc3 g6 4. Be3 Bg7 5. Qd2 c6 6. Bh6 Bxh6 7. Qxh6 b5 8. Bd3
Qa5 9. Nf3 b4 10. Ne2 Ba6 11. O-O Bxd3 12. cxd3 Nbd7 13. Ng3 e6 14. Rfe1 Nh5
15. Ng5 Nxg3 16. hxg3 Ke7 17. e5 Raf8 18. Qh4 dxe5 19. dxe5 h6 20. Nf3+ g5 21.
Qe4 Qd5 22. Qxb4+ c5 23. Qc3 Rb8 24. Re4 Rb7 25. b3 a5 26. Rae1 Rb4 27. Rc4
Rhb8 28. d4 g4 29. Nh2 cxd4 30. Qd2 Nxe5 31. Rc7+ Kd6 32. Rec1 R8b7 33. Rc8 d3
34. Nf1 Rb8 35. Qxh6 Rxc8 36. Rxc8 Nd7 37. Ne3 Qb7 38. Nc4+ Ke7 39. Qh4+ Nf6
40. Qh8 e5 41. Qd8+ Ke6 42. Qd6+ Kf5 43. Rc6 1-0

[Event "Serbia-chT"]
[Site "Zlatibor"]
[Date "2006.08.30"]
[Round "5"]
[White "Velimirovic, Dragoljub"]
[Black "Kostic, Vladimir"]
[Result "1/2-1/2"]
[WhiteElo "2452"]
[BlackElo "2433"]
[PlyCount "97"]
[EventDate "2006.08.26"]
[EventType "team"]
[EventRounds "9"]
[EventCountry "YUG"]
[Source "ChessBase"]
[SourceDate "2006.11.23"]
[WhiteTeamCountry "SER"]
[BlackTeamCountry "SER"]

1. e4 c5 2. Nf3 Nc6 3. d4 cxd4 4. c3 Nf6 5. e5 Nd5 6. Bc4 Nb6 7. Bb3 d5 8. exd6
Qxd6 9. O-O Be6 10. Bxe6 Qxe6 11. cxd4 Qd7 12. a4 e6 13. a5 Nd5 14. Nc3 Be7 15.
a6 bxa6 16. Nxd5 Qxd5 17. Rxa6 Qb5 18. Qa4 Qxa4 19. Rxa4 O-O 20. Bd2 Rfc8 21.
Rc1 Bf6 22. g4 h6 23. h4 Bd8 24. g5 h5 25. g6 fxg6 26. Ng5 Bb6 27. Nxe6 Ne7 28.
Rac4 Rxc4 29. Rxc4 Re8 30. Bg5 Nc8 31. Nc5 Re2 32. Nd3 Re8 33. Kg2 Ne7 34. Kf3
Nf5 35. d5 Nd4+ 36. Kg2 Nf5 37. Rc6 Re4 38. Rxg6 Rd4 39. Ne5 Rxd5 40. Re6 Rd4
41. Re8+ Kh7 42. Nf3 Rd6 43. Rf8 Nh6 44. Bc1 Rc6 45. Bxh6 gxh6 46. Rf7+ Kg8 47.
Rd7 Rc4 48. Kf1 Rb4 49. Rd2 1/2-1/2

[Event "Serbia-chT"]
[Site "Zlatibor"]
[Date "2006.08.31"]
[Round "6"]
[White "Perunovic, Milos"]
[Black "Velimirovic, Dragoljub"]
[Result "0-1"]
[WhiteElo "2526"]
[BlackElo "2452"]
[PlyCount "80"]
[EventDate "2006.08.26"]
[EventType "team"]
[EventRounds "9"]
[EventCountry "YUG"]
[Source "ChessBase"]
[SourceDate "2006.11.23"]
[WhiteTeamCountry "SER"]
[BlackTeamCountry "SER"]

1. e4 c5 2. Nf3 d6 3. d4 cxd4 4. Nxd4 Nf6 5. Nc3 g6 6. Be3 Bg7 7. f3 a6 8. Qd2
O-O 9. O-O-O b5 10. Bh6 Bxh6 11. Qxh6 e5 12. Nb3 b4 13. Nd5 Nxd5 14. Rxd5 Be6
15. Rd1 a5 16. h4 Qc7 17. h5 Ra7 18. f4 a4 19. f5 axb3 20. axb3 Bxb3 21. Bd3
Bxc2 22. Kd2 Bxd3 23. Kxd3 d5 24. exd5 e4+ 25. Ke2 Qe5 26. hxg6 fxg6 27. fxg6
Rg7 28. Rd2 e3 29. Qxe3 Qxe3+ 30. Kxe3 Rxg6 31. Rh4 Nd7 32. Rxb4 Rg3+ 33. Ke2
Rxg2+ 34. Kd1 Rff2 35. Rxf2 Rxf2 36. Ke1 Rg2 37. Rb7 Nf6 38. d6 Rg7 39. Rb4 Rd7
40. Rd4 Kf7 0-1

[Event "Serbia-chT"]
[Site "Zlatibor"]
[Date "2006.09.02"]
[Round "8"]
[White "Marinkovic, Slavisa"]
[Black "Velimirovic, Dragoljub"]
[Result "1/2-1/2"]
[WhiteElo "2389"]
[BlackElo "2452"]
[PlyCount "127"]
[EventDate "2006.08.26"]
[EventType "team"]
[EventRounds "9"]
[EventCountry "YUG"]
[Source "ChessBase"]
[SourceDate "2006.11.23"]
[WhiteTeamCountry "SER"]
[BlackTeamCountry "SER"]

1. e4 c5 2. Nf3 Nc6 3. d4 cxd4 4. Nxd4 g6 5. c4 Bg7 6. Be3 Nf6 7. Nc3 d6 8. Be2
O-O 9. O-O Bd7 10. Qd2 Nxd4 11. Bxd4 Bc6 12. f3 a5 13. b3 Nd7 14. Be3 Nc5 15.
Rab1 b6 16. Rfd1 Ra7 17. a3 a4 18. b4 Nb3 19. Qe1 e5 20. b5 Ba8 21. Rxb3 axb3
22. a4 f5 23. Rb1 Bf6 24. Qd2 Bh4 25. Rxb3 f4 26. Bf2 Bxf2+ 27. Kxf2 Qc7 28.
Rb1 Qc5+ 29. Kf1 g5 30. Rd1 Rf6 31. Qe1 Rh6 32. h3 Bb7 33. Qf2 Qxf2+ 34. Kxf2
Rf6 35. c5 bxc5 36. Bc4+ Kf8 37. Ra1 Ra5 38. Ke2 Ke8 39. Kd3 Kd8 40. Nb1 Kc7
41. Nd2 Rf8 42. Nb3 Rfa8 43. Nxa5 Rxa5 44. Be6 h5 45. Kc4 h4 46. Kb3 Kb6 47.
Rd1 Kc7 48. b6+ Kxb6 49. Rxd6+ Kc7 50. Rd7+ Kb6 51. Bd5 c4+ 52. Kxc4 Rxa4+ 53.
Kb3 Ra7 54. Kb4 Bxd5 55. Rxd5 Ra2 56. Rxe5 Rxg2 57. Re6+ Kc7 58. Kc5 Rg3 59.
Rg6 Kd7 60. Kd5 Ke7 61. e5 Rxh3 62. Rxg5 Rxf3 63. Rh5 Rd3+ 64. Ke4 1/2-1/2

[Event "Serbia-chT"]
[Site "Zlatibor"]
[Date "2006.09.03"]
[Round "9"]
[White "Velimirovic, Dragoljub"]
[Black "Tseshkovsky, Vitaly"]
[Result "1/2-1/2"]
[WhiteElo "2452"]
[BlackElo "2576"]
[PlyCount "71"]
[EventDate "2006.08.26"]
[EventType "team"]
[EventRounds "9"]
[EventCountry "YUG"]
[Source "ChessBase"]
[SourceDate "2006.11.23"]
[WhiteTeamCountry "SER"]
[BlackTeamCountry "SER"]

1. e4 e5 2. Nf3 Nc6 3. c3 Nf6 4. d4 Nxe4 5. d5 Ne7 6. Nxe5 Ng6 7. Qe2 Qe7 8.
Qxe4 Qxe5 9. Nd2 d6 10. Qxe5+ Nxe5 11. Nc4 Nxc4 12. Bxc4 Be7 13. a4 Bd7 14. a5
a6 15. Be3 Bf6 16. Kd2 O-O 17. Ra3 Bb5 18. Bd3 c5 19. c4 Bd7 20. Rb3 Ba4 21.
Rxb7 Rfb8 22. Rb6 Bd8 23. Rxb8 Rxb8 24. Ra1 Rxb2+ 25. Kc1 Rb4 26. Bd2 Bf6 27.
Ra2 Bb3 28. Bxb4 Bxa2 29. Bd2 Bb3 30. Bf4 Be7 31. Kb2 Bd1 32. Bf5 Bf6+ 33. Ka3
Be2 34. Bxd6 Bxc4 35. Bxc5 Bxd5 36. Bc8 1/2-1/2

[Event "Bayern-chI Bank Hofmann 10th"]
[Site "Bad Wiessee"]
[Date "2006.11.04"]
[Round "1"]
[White "Velimirovic, Dragoljub"]
[Black "Van Eck, Ted"]
[Result "1-0"]
[WhiteElo "2459"]
[BlackElo "2024"]
[PlyCount "45"]
[EventDate "2006.11.04"]
[EventType "swiss"]
[EventRounds "9"]
[EventCountry "GER"]
[Source "ChessBase"]
[SourceDate "2006.11.23"]
[WhiteTeamCountry "SER"]
[BlackTeamCountry "SER"]

1. e4 c6 2. d4 d5 3. exd5 cxd5 4. c4 Nf6 5. Nc3 g6 6. cxd5 Bg7 7. Bb5+ Nbd7 8.
Nf3 O-O 9. Bxd7 Nxd7 10. O-O Nb6 11. Qb3 Bf5 12. Re1 Rc8 13. Ne5 h5 14. h3 h4
15. Bg5 Bf6 16. Bh6 Bg7 17. Bxg7 Kxg7 18. Rad1 f6 19. Nd3 Bxd3 20. Rxd3 Qc7 21.
Nb5 Qd7 22. Nxa7 Ra8 23. Qxb6 1-0

[Event "Bayern-chI Bank Hofmann 10th"]
[Site "Bad Wiessee"]
[Date "2006.11.05"]
[Round "2"]
[White "Sondermann, Johannes"]
[Black "Velimirovic, Dragoljub"]
[Result "0-1"]
[WhiteElo "2152"]
[BlackElo "2459"]
[PlyCount "80"]
[EventDate "2006.11.04"]
[EventType "swiss"]
[EventRounds "9"]
[EventCountry "GER"]
[Source "ChessBase"]
[SourceDate "2006.11.23"]
[WhiteTeamCountry "SER"]
[BlackTeamCountry "SER"]

1. d4 Nf6 2. c4 c5 3. d5 g6 4. Nc3 Bg7 5. e4 O-O 6. f4 d6 7. Nf3 e6 8. Be2 exd5
9. cxd5 Bg4 10. O-O Nbd7 11. Re1 Ne8 12. Be3 a6 13. a4 Rb8 14. Nd2 Bxe2 15.
Qxe2 Qe7 16. Qd3 Nef6 17. h3 Rfe8 18. g4 h6 19. Bf2 Nh7 20. Bg3 g5 21. e5 gxf4
22. exd6 Qxd6 23. Nce4 Qe5 24. Nf3 Qc7 25. d6 Qb6 26. a5 Qb5 27. Qxb5 axb5 28.
Bxf4 Nhf8 29. Ng3 Ng6 30. Bd2 b4 31. Nf5 Bxb2 32. Nxh6+ Kf8 33. Rab1 Rxe1+ 34.
Rxe1 Re8 35. Rb1 Nge5 36. Nxe5 Bxe5 37. Rf1 Re6 38. Nxf7 Bd4+ 39. Kh1 Rf6 40.
Rxf6 Bxf6 0-1

[Event "Bayern-chI Bank Hofmann 10th"]
[Site "Bad Wiessee"]
[Date "2006.11.06"]
[Round "3"]
[White "Velimirovic, Dragoljub"]
[Black "Nagel, Bernhard"]
[Result "1-0"]
[WhiteElo "2459"]
[BlackElo "2226"]
[PlyCount "109"]
[EventDate "2006.11.04"]
[EventType "swiss"]
[EventRounds "9"]
[EventCountry "GER"]
[Source "ChessBase"]
[SourceDate "2006.11.23"]
[WhiteTeamCountry "SER"]
[BlackTeamCountry "SER"]

1. e4 c6 2. d4 d5 3. exd5 cxd5 4. c4 Nf6 5. Nc3 Nc6 6. Bg5 e6 7. Nf3 Be7 8. Bd3
dxc4 9. Bxc4 O-O 10. O-O Nd5 11. Bxd5 Bxg5 12. Bxc6 bxc6 13. Qa4 Bd7 14. Ne4
Be7 15. Nc5 Be8 16. Rac1 Qb6 17. b3 Rd8 18. Rfe1 Rd5 19. Qc4 a5 20. Ne5 Bxc5
21. dxc5 Qd8 22. Qc3 f6 23. Nc4 Rxc5 24. Rxe6 Bf7 25. Re4 Re8 26. Rxe8+ Qxe8
27. Re1 Qf8 28. h3 a4 29. Qd4 axb3 30. axb3 h6 31. Qd7 Kh7 32. Re7 Bxc4 33.
bxc4 Rxc4 34. Rf7 Rc1+ 35. Kh2 Qg8 36. f4 Rd1 37. Qe7 Rd6 38. Rxg7+ Qxg7 39.
Qxd6 Qf7 40. Qxc6 f5 41. Qd6 Kg7 42. Kg3 Kh7 43. Kh4 Kg7 44. g4 fxg4 45. Kxg4
Kh7 46. h4 Qg7+ 47. Kf5 Qf7+ 48. Ke4 Qc4+ 49. Ke5 Qc3+ 50. Ke6 Qc4+ 51. Kf6
Qc3+ 52. Qe5 Qc6+ 53. Ke7 Qc4 54. Qf5+ Kg7 55. Qf6+ 1-0

[Event "Bayern-chI Bank Hofmann 10th"]
[Site "Bad Wiessee"]
[Date "2006.11.08"]
[Round "5"]
[White "Velimirovic, Dragoljub"]
[Black "Sailer, Wolfgang"]
[Result "1-0"]
[WhiteElo "2459"]
[BlackElo "2232"]
[PlyCount "71"]
[EventDate "2006.11.04"]
[EventType "swiss"]
[EventRounds "9"]
[EventCountry "GER"]
[Source "ChessBase"]
[SourceDate "2006.11.23"]
[WhiteTeamCountry "SER"]
[BlackTeamCountry "SER"]

1. e4 d6 2. d4 Nf6 3. Nc3 g6 4. f4 Bg7 5. Nf3 O-O 6. e5 Nfd7 7. Bc4 Nb6 8. Bb3
Nc6 9. Be3 Na5 10. Qe2 Nxb3 11. axb3 c6 12. O-O Nd5 13. Ne4 f6 14. c4 Nxe3 15.
Qxe3 Bg4 16. Rad1 Bh6 17. e6 Bxe6 18. Neg5 Bf7 19. Ne6 Bxe6 20. Qxe6+ Rf7 21.
Ng5 Bxg5 22. fxg5 Qc8 23. d5 cxd5 24. cxd5 Qxe6 25. dxe6 Rff8 26. gxf6 Rxf6 27.
Rxf6 exf6 28. Rxd6 Re8 29. Kf2 f5 30. Kf3 Kg7 31. Rd7+ Kf6 32. Rxh7 Re7 33.
Rxe7 Kxe7 34. Kf4 Kxe6 35. Kg5 Kf7 36. b4 1-0

[Event "Bayern-chI Bank Hofmann 10th"]
[Site "Bad Wiessee"]
[Date "2006.11.09"]
[Round "6"]
[White "Scherer, Helmut"]
[Black "Velimirovic, Dragoljub"]
[Result "1-0"]
[WhiteElo "2296"]
[BlackElo "2459"]
[PlyCount "101"]
[EventDate "2006.11.04"]
[EventType "swiss"]
[EventRounds "9"]
[EventCountry "GER"]
[Source "ChessBase"]
[SourceDate "2006.11.23"]
[WhiteTeamCountry "SER"]
[BlackTeamCountry "SER"]

1. e4 c5 2. Nf3 Nc6 3. Bb5 g6 4. O-O Bg7 5. Re1 e5 6. Bxc6 dxc6 7. d3 Qe7 8. a3
Nf6 9. b4 O-O 10. Nbd2 Nd7 11. bxc5 Nxc5 12. a4 Ne6 13. Ba3 c5 14. Nc4 Nd4 15.
Ne3 Be6 16. Nxd4 exd4 17. Nf5 Bxf5 18. exf5 Qd6 19. Qf3 b6 20. Bc1 Rae8 21. Bg5
Re5 22. g4 gxf5 23. gxf5 Rfe8 24. Rxe5 Qxe5 25. Kg2 f6 26. Bd2 Qd6 27. Re1 Rxe1
28. Bxe1 Qd7 29. a5 bxa5 30. Bxa5 Bh6 31. Qe4 Kf7 32. Kf3 Bc1 33. Kg4 Bg5 34.
f3 Qd6 35. f4 Bh6 36. Qb7+ Qe7 37. Qxe7+ Kxe7 38. Kf3 Kd7 39. Ke4 Kc6 40. Bd8
Bg7 41. h3 a6 42. Ba5 Kb5 43. Bd8 a5 44. Kd5 Bf8 45. Bxf6 Kb4 46. Bh4 a4 47.
Be1+ Ka3 48. Kc4 Kb2 49. c3 a3 50. f6 a2 51. cxd4 1-0

[Event "Bayern-chI Bank Hofmann 10th"]
[Site "Bad Wiessee"]
[Date "2006.11.10"]
[Round "7"]
[White "Velimirovic, Dragoljub"]
[Black "Pluemer, Detlef"]
[Result "1-0"]
[WhiteElo "2459"]
[BlackElo "2203"]
[PlyCount "93"]
[EventDate "2006.11.04"]
[EventType "swiss"]
[EventRounds "9"]
[EventCountry "GER"]
[Source "ChessBase"]
[SourceDate "2006.11.23"]
[WhiteTeamCountry "SER"]
[BlackTeamCountry "SER"]

1. e4 d5 2. d4 dxe4 3. Nc3 e5 4. Bc4 Nc6 5. Nxe4 Qxd4 6. Qe2 Bf5 7. Ng3 Bg6 8.
Nf3 Qd7 9. Nxe5 Nxe5 10. Qxe5+ Qe7 11. Bf4 O-O-O 12. O-O Qxe5 13. Bxe5 f6 14.
Rad1 Bd6 15. Bxd6 Rxd6 16. Rxd6 cxd6 17. Re1 Kd8 18. c3 Ne7 19. Ne2 Bf5 20. Nf4
Bd7 21. Nh5 Nf5 22. Bd3 Nh4 23. f3 Rf8 24. Kf2 g6 25. Nf4 Nf5 26. Ne6+ Bxe6 27.
Rxe6 Kd7 28. Bxf5 gxf5 29. Re2 Rc8 30. Rd2 Rc4 31. g3 h5 32. Ke3 f4+ 33. gxf4
Ke6 34. Rg2 Rc7 35. Rg8 Kf5 36. Rh8 Re7+ 37. Kf2 Kxf4 38. Rxh5 f5 39. Rh4+ Kg5
40. Rd4 Re6 41. h4+ Kf6 42. a3 a6 43. Rb4 b5 44. a4 Re5 45. axb5 axb5 46. Rd4
Ke6 47. Kg3 1-0

[Event "Bayern-chI Bank Hofmann 10th"]
[Site "Bad Wiessee"]
[Date "2006.11.11"]
[Round "8"]
[White "Schuette, Manfred"]
[Black "Velimirovic, Dragoljub"]
[Result "1-0"]
[WhiteElo "2346"]
[BlackElo "2459"]
[PlyCount "83"]
[EventDate "2006.11.04"]
[EventType "swiss"]
[EventRounds "9"]
[EventCountry "GER"]
[Source "ChessBase"]
[SourceDate "2006.11.23"]
[WhiteTeamCountry "SER"]
[BlackTeamCountry "SER"]

1. c4 g6 2. Nc3 Bg7 3. g3 Nf6 4. Bg2 O-O 5. e4 d6 6. Nge2 Bd7 7. O-O Qc8 8. d4
Bh3 9. Bxh3 Qxh3 10. f3 Qc8 11. Be3 Nbd7 12. Qd2 Re8 13. Rac1 c6 14. b4 Qc7 15.
a3 Rac8 16. Kg2 Qb8 17. Qd3 Red8 18. h3 c5 19. Nd5 Nxd5 20. cxd5 cxb4 21. axb4
Nb6 22. h4 Rxc1 23. Rxc1 Rc8 24. Rc3 Rxc3 25. Qxc3 Qc8 26. Qxc8+ Nxc8 27. Kf2
Kf8 28. Nc3 Ke8 29. Ke2 Kd7 30. Kd3 a6 31. f4 b5 32. e5 h5 33. Bd2 Nb6 34. Be1
e6 35. dxe6+ Kxe6 36. Ne4 dxe5 37. dxe5 Bf8 38. Ng5+ Kf5 39. Nxf7 Nd5 40. Kd4
Bxb4 41. Kxd5 Bf8 42. Bb4 1-0

[Event "Bayern-chI Bank Hofmann 10th"]
[Site "Bad Wiessee"]
[Date "2006.11.12"]
[Round "9"]
[White "Tillmann, Markus"]
[Black "Velimirovic, Dragoljub"]
[Result "1-0"]
[WhiteElo "2191"]
[BlackElo "2459"]
[PlyCount "111"]
[EventDate "2006.11.04"]
[EventType "swiss"]
[EventRounds "9"]
[EventCountry "GER"]
[Source "ChessBase"]
[SourceDate "2006.11.23"]
[WhiteTeamCountry "SER"]
[BlackTeamCountry "SER"]

1. d4 Nf6 2. c4 c5 3. d5 g6 4. Nc3 Bg7 5. e4 d6 6. Bd3 O-O 7. Nge2 a6 8. a4 e5
9. O-O Nh5 10. a5 f5 11. Bd2 f4 12. f3 g5 13. Na4 Nd7 14. b4 Rf6 15. Nc1 Rg6
16. Nb3 Bf8 17. bxc5 dxc5 18. Bc3 Bd6 19. Ra2 Nhf6 20. g4 h5 21. h3 Kf7 22. Rh2
Rh6 23. Rff2 Rb8 24. Qa1 Qe7 25. Bf1 Kg6 26. Rfg2 Kf7 27. Be2 Nf8 28. Be1 Bd7
29. Nb6 Be8 30. Bf2 N6d7 31. Na4 Ng6 32. Kh1 hxg4 33. hxg4 Nh4 34. Qg1 Rc8 35.
Bxh4 Rxh4 36. Rxh4 gxh4 37. Rh2 Nf8 38. Nb6 Rd8 39. g5 Ng6 40. Qg4 Bd7 41. Nxd7
Qxd7 42. Qf5+ Kg7 43. Bf1 Qe7 44. Bh3 Rb8 45. Rg2 Rf8 46. Qg4 Rd8 47. Nc1 Bc7
48. Ra2 Nh8 49. Nd3 Nf7 50. Qe6 Qxe6 51. Bxe6 Bd6 52. Rb2 Rb8 53. Bxf7 Kxf7 54.
Rb6 Bc7 55. Re6 Rg8 56. Nxe5+ 1-0

[Event "SRB-chT 1st"]
[Site "Zlatibor"]
[Date "2007.08.21"]
[Round "1"]
[White "Rajkovic, Dusan"]
[Black "Velimirovic, Dragoljub"]
[Result "0-1"]
[WhiteElo "2522"]
[BlackElo "2442"]
[PlyCount "106"]
[EventDate "2007.08.21"]
[EventType "tourn ()"]
[EventRounds "11"]
[EventCountry "YUG"]
[Source "ChessBase"]
[SourceDate "2007.11.01"]
[WhiteTeamCountry "SER"]
[BlackTeamCountry "SER"]

1. d4 c5 2. d5 Nf6 3. Nc3 d6 4. e4 g6 5. Bb5+ Bd7 6. a4 Bg7 7. Nf3 O-O 8. O-O
Bxb5 9. axb5 Nbd7 10. Qe2 Ne8 11. Bg5 f6 12. Be3 Nc7 13. Rfe1 Qe8 14. Ra3 Qf7
15. Rea1 a6 16. bxa6 bxa6 17. Bf4 Rab8 18. R1a2 Rb4 19. Ra4 Rb7 20. h3 Rfb8 21.
Nd1 Nb6 22. R4a3 f5 23. c4 fxe4 24. Qxe4 Nxc4 25. Qxc4 Rb4 26. Qe2 Rxf4 27. Nc3
h6 28. Ra1 Rfb4 29. R3a2 Nb5 30. Nd1 Nd4 31. Nxd4 Bxd4 32. Qxa6 Qxd5 33. Qd3
Qf5 34. Qe2 Qe5 35. Qd2 Kg7 36. Rb1 R8b7 37. Ra3 Rb3 38. Rxb3 Rxb3 39. Kf1 Qh2
40. Qc2 Qh1+ 41. Ke2 Qxg2 42. Qxb3 Qe4+ 43. Kd2 Qxb1 44. Qd3 Qa2 45. Qe4 Qf7
46. b4 d5 47. Qd3 Qf4+ 48. Kc2 cxb4 49. Kb3 e5 50. Kxb4 Bxf2+ 51. Kb5 Bd4 52.
Kc6 Qf7 53. Kd6 h5 0-1